000 00518nam a2200145 a 4500
008 120416s1959 ||||||||||||||||| || u
050 _aDT 31 Sit
100 _aSithole, Ndabaningi
245 1 0 _aAfrican nationalism
260 _aLondon
_bOxf. Univ
_c1959
350 _a0.00
650 0 _aAFRICA--HISTORY
650 _aAFRICA--HISTORY, NATIONALISM
995 _D0.00
_FCBU-MAIN LIBRARY (Kitwe)
_H1
_I10.00
_M1
_UAVAILABLE
_WAug 2, 2006
_ZMain Library Open Access Collection
999 _c33779
_d33779